| 000 | 00544nam a22002177a 4500 | ||
|---|---|---|---|
| 001 | 00028114 | ||
| 005 | 20260209114959.0 | ||
| 008 | 260209b ag ||||| |||| 00| 0 spa d | ||
| 020 | _a9789974879713 | ||
| 040 |
_aAR-CcCEOS _bspa _cAR-CcCEOS |
||
| 041 | _aspa | ||
| 080 | _a159.923 | ||
| 090 | _bADA | ||
| 245 | _aAdaptarse al cambio es la única opción | ||
| 250 | _a1ª ed. | ||
| 260 |
_aUruguay : _bPartners |
||
| 300 |
_a76 p. ; _c21x17 cm. |
||
| 490 | _aConsejos Prácticos | ||
| 650 | 0 |
_apsicología _9114 |
|
| 942 |
_2udc _cBK _n0 |
||
| 999 |
_c28128 _d28128 |
||